00395nam a2200145Ia 4500008004100000100001800041245005700059245001700116260002400133260000900157300002400166440003300190650001200223650001400235190430s9999 xx 000 0 und d aMateo, Janvic aUP among top 100 universities emerging in economies/ cJanvic Mateo bThe Philippine Star c2019 aPage 14, January 18 aThe Philippine Starv33: 175 aeconomy aEducation